EL IMPERIO DE ITURBIDE (Registro nro. 57715)
[ vista simple ]
| 000 -LEADER | |
|---|---|
| fixed length control field | 00812nam a2200229 a 4500 |
| 001 - CONTROL NUMBER | |
| control field | 57715 |
| 005 - DATE AND TIME OF LATEST TRANSACTION | |
| control field | 20180714054019.0 |
| 008 - FIXED-LENGTH DATA ELEMENTS--GENERAL INFORMATION | |
| fixed length control field | 140415s1991 mx 000 0 spa d |
| 020 ## - INTERNATIONAL STANDARD BOOK NUMBER | |
| International Standard Book Number | 968390369X |
| 041 ## - LANGUAGE CODE | |
| Language code of text/sound track or separate title | spa |
| 082 ## - DEWEY DECIMAL CLASSIFICATION NUMBER | |
| Classification number | 972.041 |
| Item number | ANN |
| 100 1# - MAIN ENTRY--PERSONAL NAME | |
| Personal name | ANNA, TIMOTHY E. |
| 245 13 - TITLE STATEMENT | |
| Title | EL IMPERIO DE ITURBIDE |
| 250 ## - EDITION STATEMENT | |
| Edition statement | 1a ed. |
| 260 ## - PUBLICATION, DISTRIBUTION, ETC. | |
| Place of publication, distribution, etc. | MEXICO : |
| Name of publisher, distributor, etc. | PATRIA, |
| Date of publication, distribution, etc. | 1991 |
| 300 ## - PHYSICAL DESCRIPTION | |
| Extent | 296 |
| Dimensions | 13.4 x 1.4 x 21.1 |
| 490 ## - SERIES STATEMENT | |
| Series statement | LOS NOVENTA |
| 520 ## - SUMMARY, ETC. | |
| Summary, etc. | EN ESTE LIBRO, TIMOTHY E. ANNA EMPRENDE UN INTERESANTE REPLANTAMIENTO DEL PAPEL HISTORICO DESEMPEÑADO POR EL PRINCIPAL PROTAGONISTA DE LA TRANSICION MEXICANA A LA ERA INDEPENDIENTE |
| 650 14 - SUBJECT ADDED ENTRY--TOPICAL TERM | |
| Topical term or geographic name entry element | MEXICO |
| General subdivision | HISTORIA |
| -- | MEXICO |
| -- | HISTORIA |
| -- | REGENCIA |
| -- | 1821 |
| -- | 1823 |
| 700 1# - ADDED ENTRY--PERSONAL NAME | |
| Personal name | SANDOVAL; ADRIANA |
| Relator term | tr. |
| 740 ## - ADDED ENTRY--UNCONTROLLED RELATED/ANALYTICAL TITLE | |
| Uncontrolled related/analytical title | THE MEXICAN EMPIRE OF ITURBIDE. |
| Withdrawn status | Lost status | Source of classification or shelving scheme | Damaged status | Not for loan | Collection code | Home library | Current library | Shelving location | Date acquired | Source of acquisition | Inventory number | Total Checkouts | Full call number | Barcode | Date last seen | Date last checked out | Price effective from | Koha item type |
|---|---|---|---|---|---|---|---|---|---|---|---|---|---|---|---|---|---|---|
| Dewey Decimal Classification | General | Biblioteca Karol Wojtyla | Biblioteca Karol Wojtyla | Sala general | 03/12/2013 | Compra | 151000000000000000037732 | 1 | 972.041 ANN | 87204 | 05/01/2026 | 27/02/2019 | 03/12/2013 | Libro |